000 00969nam a2200289 i 4500
003 EG-GICUC
005 20260427155434.0
008 260318s1990 ua ||||fr|||| 00| 0 ara d
040 _a EG-GICUC
_bara
_c EG-GICUC
_d EG-GICUC
_erda
041 0 _aara
082 0 4 _221
_a345.8223
_bح س . ق
092 0 4 _221
099 _alaw1 07 345.8223 ح س . ق 1990
100 0 _aحسن السيد بسيوني
_eمؤلف.
245 1 0 _aقضاء النقض الإداري /
_cحسن السيد بسيوني.
264 1 _aالقاهرة :
_bعالم الكتب،
_c[1990].
300 _a399 ؛ صفحة
_c24 سم.
336 _2rda content
_atext
337 _2rda media
_aComputer
338 _2rda carrier
_aOnline Resource
546 _aالنص باللغة العربية
650 1 4 _aالقانون الإداري
650 1 4 _aدعوي الالغاء
856 4 0 _uhttps://fll.law.cu.edu.eg/fulltext/bks/B07-03786.pdf
905 _a77
942 _2ddc
_n0
_cBK
_e21
999 _c66427
_d66427